00335nam a22001217a 450000500170000000800410001708200150005810000190007324500410009226000350013330000080016865000370017620231208085207.0231208b |||||||| |||| 00| 0 eng d a891.4bHAM aHamza, Chishti aMuselma Kazaab se Muselma Punjab Tak aLahorebFarid Book Stallc2021 a284 aLiterature/Other Literature/Urdu